000 01298cam a22003497a 4500
003 CHAP
005 20220817043930.0
008 040316d200? mx b r 00110 spa d
010 _a88176
011 _a89148
035 _a99697
040 _cCHAP
090 _aFolleto 16748
110 2 _aSistema Nacional de Institutos Tecnológicos. México
_9106723
245 1 0 _aProspectiva para la educación superior tecnológica en el SNIT
_c/por Sistema Nacional de Institutos Tecnológicos
260 _a[México, D. F.] :
_bSistema Nacional de Institutos Tecnológicos,
_c199?
300 _a39 h. :
_bgráfs. ; mapa
500 _aFotocopia
590 _aBATCH-UPD
_b10
_c20130110
_lUCH01
_h0315
590 _aBATCH-UPD
_b10
_c20130110
_lUCH01
_h1928
590 _aBATCH-UPD
_b10
_c20130409
_lUCH01
_h2348
590 _aBATCH-UPD
_b10
_c20130914
_lUCH01
_h1246
590 _aCONVERSION
_b10
_c20130109
_lUCH01
_h1349
650 1 4 _aEducación superior.
650 1 4 _aEducación técnica
_xMéxico.
_935678
901 _aBK
905 _aMarco A. Mendoza T:
942 _cFOLL
949 _aFolleto 16748
_bBC
_cFOLL
_d996971
_eTS1
_gFotocopia
_i99697
_sb
949 _aFolleto 16748
_bBC
_cFOLL
_d996972
_eTS2
_fc.2
_gFotocopia
_i99697
_sb
949 _aFolleto 16748
_bBC
_cFOLL
_d996973
_eTS2
_fc.3
_gFotocopia
_i99697
_sb
999 _c88176
_d88176